Agrokomodity a agrokomoditné burzy bakalárska práca

Enregistré dans:
Détails bibliographiques
Auteur principal: Durná, Romana
Collectivité auteur: Fakulta podnikového manažmentu EU. Katedra podnikových financií
Autres auteurs: Bikár, Miloš, 1973-
Format: Livre
Langue:slovaque
Publié: Bratislava 2011
Tags: Ajouter un tag
Pas de tags, Soyez le premier à ajouter un tag!

MARC

LEADER 00000nbm a2200000 4500
001 0131393
005 20161109111422.4
041 0 |a slo 
044 |a SK 
245 1 0 |a Agrokomodity a agrokomoditné burzy  |b bakalárska práca  |c Romana Durná ; školiteľ: Miloš Bikár 
264 1 |a Bratislava  |c 2011 
300 |a 46 s. 
100 1 |a Durná, Romana 
700 1 |a Bikár, Miloš, 1973- 
710 2 |a Fakulta podnikového manažmentu EU. Katedra podnikových financií